| 000 | 00516nam a2200181Ia 4500 | ||
|---|---|---|---|
| 001 | 138109 | ||
| 003 | 230227 | ||
| 005 | 20250329062541.0 | ||
| 008 | ||||||n9999 ||| || || | ||
| 082 | _a330 | ||
| 100 |
_aPoveda Meza, Cándido _9169593 |
||
| 245 | 0 | _aLas crisis generadoras de cambio de pensamiento económico, acerca de las finanzas publicas | |
| 562 | _e1 | ||
| 650 | 0 |
_aCrisis económica _94747 |
|
| 650 | 0 |
_aHacienda pública _98154 |
|
| 650 | 0 |
_aPensamiento económico _94737 |
|
| 942 | _cTESIS | ||
| 999 |
_c138109 _d138109 |
||